000 00810cab a2200265 4500
001 ABS67418
008 040206n2004 000 0 eng u
035 _a(Sirsi) u125073
245 _aFocus update: central London
260 _c2004
490 _aEstates Gazette
_v(0405) 31 January 2004, 69-75(5)
590 _aABS
650 _aCENTRAL LONDON
650 _aWEST END OF LONDON
650 _aMIDTOWN
650 _aDOCKLANDS
650 _aPROPERTY-COMMERCIAL PROPERTY-OFFICE PROPERTY-OFFICE PROPERTY MARKET
650 _aPROPERTY-COMMERCIAL PROPERTY-RETAIL PROPERTY-RETAIL PROPERTY MARKET
650 _aOFFICE SPACE
650 _aVACANCY RATES
650 _aRENTAL LEVELS
650 _aINVESTMENT MARKET
690 _aPROPERTY-COMMERCIAL PROPERTY-COMMERCIAL PROPERTY MARKET
942 _n0
999 _c74136
_d74136